000 00608nam a22001817a 4500
999 _c12586
_d12586
008 190130b ||||| |||| 00| 0 eng d
020 _a971-542-291-8
082 _22001
_aDFil 899.211
_bP53
245 _aThe beginning of man and the first canyao(Igorot)/
_cDamiana Eugenio [Compiler and Editor]
260 _aQuezon City:
_bUP Press;
_c©2001
300 _aPage 284-285;
_c22.5 cm.
500 _aPhilippine folk literature: The myths
650 _aMythology
_935559
650 _aLegends
_935560
650 _aPhilippine folk literature (English)
_935561
650 _aFolklore
_935562
942 _2ddc
_cDFIL